Statistics for 2023-24 FIFA PREMIER LEAGUE PLAYER BY PICTURE

Click here to take the quiz!

General Stats

  • This quiz has been taken 72 times
  • The average score is 6 of 8

Answer Stats

Answer% Correct
Erling Haaland
100%
André Onana
97%
Mateo Kovačić
88%
Ashley Young
81%
Lewis Dunk
78%
Bryan Mbeumo
67%
Pau Torres
63%
Connor Roberts
21%

Score Distribution

Percentile by Number Answered

Percent of People with Each Score

Your Score History

You have not taken this quiz